N'oubliez pas les paroles Disney - Statistiques

Statistiques générales
  • Ce quiz a été pris 1 682 fois
  • Le résultat moyen est 6 sur 10
Statistiques - réponses
Question Réponse % Correct
Il en faut peu pour être heureux Vraiment très peu pour être heureux Il faut se satisfaire (...) ... du nécessaire
99%
C'est moi Simba, c'est moi le roi Du royaume animal C'est la première fois qu'on voit un roi Avec si peu (...) ... de poils
94%
Je voudrais un bonhomme de neige Ou faire du vélo dans la cour Je suis une fille en manque de compagnie Je parle aux murs et (...) ... à ces portraits qui m'entourent
82%
Attaquons l'exercice Pour défaire les Huns M'ont-ils donné leurs fils? Je n'en vois (...) ... pas un
82%
Une cloche, dès qu′il joue D′sa trompette vous rend fou Ça swingue comme un pied Mais oui, c'est pire que l′ennui Oh là là, mes amis (...) ... Quelle calamité
72%
Je peux les guider Les rendre plus grands Les accompagner (...) Mais cette voix cachée Pense tout autrement Je ne comprends pas ... Je prendrais le temps
65%
Tous ces secrets que j'ai gardés Ne crois-tu pas que (...) comblée ? Ne crois-tu pas que je suis bien trop gâtée par la vie ? ... les fées m'ont
47%
Refusons tous deux que nos lendemain soient (...) Nous attendrons l'heure de notre bonheur Toi ma destinée, je saurais t'aimer ... mornes et gris
33%
Faites place au Prince Ali Quelle grâce le Prince Ali Bande de veinards (...) Et vous allez voir ce que vous allez voir ... dégagez le bazar
32%
Si Ali Baba a 40 voleurs Shérazade, mille histoires de cœur Toi, Maître, tu es encore bien (...) Car tu possèdes un truc qui vaut de l'or ... plus riche
19%
Aucun quiz correspondant
Distribution des résultats
% des personnes avec chaque résultat
Percentile par nombre de réponses
Votre historique - résultats
Vous n’avez pas pris ce quiz